000 00501nam a22001577a 4500
999 _c529074
_d529074
082 _a620.005
100 _aJamil, Tahir
245 _aThe Effectiveness of Contract Management in Procurement System in Defense Organizations /
_cTahir Jamil.
260 _aIslamabad:
_bCEME - NUST,
_c2013.
300 _a75 p.: ill.;
_c30cm.
942 _2ddc
_cTHE
650 _aMS-Thesis.
_918721
700 _aDr. Akhtar Nawaz.
_920936